| 000 | 00834 a2200229 4500 | ||
|---|---|---|---|
| 003 | Nust | ||
| 005 | 20221117122029.0 | ||
| 010 | _a 80013291 | ||
| 020 | _a0835916316 | ||
| 040 | _cNust | ||
| 082 | 0 | 0 | _a621.38,ROD |
| 100 | 1 |
_aRoddy, Dennis, _9102828 |
|
| 245 | 1 | 0 |
_aElectronic communications / _cDennis Roddy, John Coolen. |
| 250 | _a2nd. ed. | ||
| 260 |
_aReston, Va. : _bReston Pub. Co., _cc1981. |
||
| 300 |
_axii, 628 p. : _bill. ; _c25 cm. |
||
| 505 | _aPart-1: Communications Fundamentals (Page-1), Part-2: Electronic Communications Circuits (Page-137), Part-3: Modulation of Signals (Page-239), Part-4: Transmission and Radiation of Signals (Page-367), Part-5: Communication Systems (Page-507). | ||
| 650 | 0 | _aElectronics. | |
| 650 | 0 | _aTelecommunication. | |
| 700 | 1 |
_aCoolen, John, _9102829 |
|
| 942 |
_2ddc _cBK |
||
| 999 |
_c181125 _d181125 |
||